| 000 | 01019nam a22003730a 4500 | ||
|---|---|---|---|
| 001 | PT59168 | ||
| 003 | AR-LpoUNG | ||
| 005 | 20210131231913.0 | ||
| 008 | 191001s2013||||ag |||||||||||||||||spa d | ||
| 020 |
_a9789874509826 _c$6.00 |
||
| 040 |
_aAR-LpoUNG _bspa _cAR-LpoUNG _eaacr |
||
| 041 | _aspa | ||
| 044 | _aag | ||
| 082 | 0 | _a418.4 726lec | |
| 100 | 1 | _aMollier, Jean-Yves | |
| 245 | 1 | 3 |
_aLa lectura y sus públicos en la Edad Contemporánea : _bensayos de historia cultural en Francia |
| 250 | _a1ra. ed. | ||
| 260 |
_aBuenos Aires : _bAmpersand, _c2013. |
||
| 300 |
_ap. 252 : _bfot. |
||
| 650 | 4 | _aANALISIS HISTORICO | |
| 650 | 4 | _aBIBLIOTECAS | |
| 650 | 4 | _aBIBLIOTECAS PUBLICAS | |
| 650 | 4 | _aCENTROS DE INFORMACION | |
| 650 | 4 | _aDIFUSION DE LA INFORMACION | |
| 650 | 4 | _aENCICLOPEDIAS | |
| 650 | 4 | _aENSAYO | |
| 650 | 4 | _aFRANCIA | |
| 650 | 4 | _aLECTURA | |
| 650 | 4 | _aLITERATURA | |
| 650 | 4 | _aMATERIAL DE REFERENCIA | |
| 700 | 1 |
_aGoldstein, Víctor _etr. |
|
| 905 | _a59168 | ||
| 942 | _cLIB | ||
| 999 |
_c12511 _d12511 |
||